000 00630nam a22001937a 4500
005 20251108175011.0
008 250721s1996 xx 000 0 ara d
082 1 4 _aق/مرا
100 1 _aمراد، كينيزي
_eمؤلف
245 1 0 _aحياة أميرة عثمانية في المنفى /
264 1 _aدمشق :
_bدار طلاس للدراسات،
_c1996.
300 _a759ص.
650 1 7 _aالقصص التاريخية
650 1 7 _aالأوبرات
650 1 7 _aالامبراطورية العثمانية 1922-1402
700 1 _aالجمالي، حافظ
_eمترجم
942 _2ddc
_cBK
999 _c123589
_d123589